Educating America : (Record no. 650)
[ view plain ]
| 000 -LEADER | |
|---|---|
| fixed length control field | 01130cam a2200301 a 4500 |
| 001 - CONTROL NUMBER | |
| control field | 2912283 |
| 005 - DATE AND TIME OF LATEST TRANSACTION | |
| control field | 20231006074249.0 |
| 008 - FIXED-LENGTH DATA ELEMENTS--GENERAL INFORMATION | |
| fixed length control field | 881012s1989 nyua b 001 0 eng |
| 010 ## - LIBRARY OF CONGRESS CONTROL NUMBER | |
| LC control number | 88039747 |
| 020 ## - INTERNATIONAL STANDARD BOOK NUMBER | |
| International Standard Book Number | 0471600660 |
| 040 ## - CATALOGING SOURCE | |
| Original cataloging agency | DLC |
| Transcribing agency | KMU |
| Modifying agency | KMU |
| Description conventions | rda |
| 050 00 - LIBRARY OF CONGRESS CALL NUMBER | |
| Classification number | LA 217 Bow |
| 100 1# - MAIN ENTRY--PERSONAL NAME | |
| Personal name | Bowsher, Jack E. |
| 245 10 - TITLE STATEMENT | |
| Title | Educating America : |
| Remainder of title | lessons learned in the nation's corporations / |
| Statement of responsibility, etc. | Jack E. Bowsher. |
| 260 ## - PUBLICATION, DISTRIBUTION, ETC. | |
| Place of publication, distribution, etc. | New York : |
| Name of publisher, distributor, etc. | Wiley, |
| Date of publication, distribution, etc. | c1989. |
| 300 ## - PHYSICAL DESCRIPTION | |
| Extent | x, 245 p. : |
| Other physical details | ill. ; |
| Dimensions | 24 cm. |
| 500 ## - GENERAL NOTE | |
| General note | Includes index. |
| 504 ## - BIBLIOGRAPHY, ETC. NOTE | |
| Bibliography, etc. note | Bibliography: p. 237-238. |
| 650 #0 - SUBJECT ADDED ENTRY--TOPICAL TERM | |
| Topical term or geographic name entry element | Education |
| General subdivision | Aims and objectives |
| Geographic subdivision | United States. |
| 650 #0 - SUBJECT ADDED ENTRY--TOPICAL TERM | |
| Topical term or geographic name entry element | Business and education |
| Geographic subdivision | United States. |
| 650 #0 - SUBJECT ADDED ENTRY--TOPICAL TERM | |
| Topical term or geographic name entry element | Employees |
| General subdivision | Training of |
| Geographic subdivision | United States |
| Form subdivision | Case studies. |
| 650 #0 - SUBJECT ADDED ENTRY--TOPICAL TERM | |
| Topical term or geographic name entry element | School improvement programs |
| Geographic subdivision | United States. |
| 856 4# - ELECTRONIC LOCATION AND ACCESS | |
| Materials specified | Table of Contents |
| Uniform Resource Identifier | <a href="http://www.loc.gov/catdir/toc/onix05/88039747.html">http://www.loc.gov/catdir/toc/onix05/88039747.html</a> |
| 856 42 - ELECTRONIC LOCATION AND ACCESS | |
| Materials specified | Publisher description |
| Uniform Resource Identifier | <a href="http://www.loc.gov/catdir/enhancements/fy0707/88039747-d.html">http://www.loc.gov/catdir/enhancements/fy0707/88039747-d.html</a> |
| 906 ## - LOCAL DATA ELEMENT F, LDF (RLIN) | |
| a | 7 |
| b | cbc |
| c | orignew |
| d | 1 |
| e | ocip |
| f | 19 |
| g | y-gencatlg |
| 942 ## - ADDED ENTRY ELEMENTS (KOHA) | |
| Source of classification or shelving scheme | Library of Congress Classification |
| Koha item type | Non-Fiction |
| Suppress in OPAC | No |
| Withdrawn status | Lost status | Source of classification or shelving scheme | Damaged status | Not for loan | Collection | Home library | Current library | Shelving location | Date acquired | Source of acquisition | Total Checkouts | Full call number | Barcode | Date last seen | Price effective from | Koha item type |
|---|---|---|---|---|---|---|---|---|---|---|---|---|---|---|---|---|
| Library of Congress Classification | Non-fiction | Kapasa Makasa University | Kapasa Makasa University | Open Access | 06.10.2023 | Book Aid | LA 217 Bow | 300041 | 06.10.2023 | 06.10.2023 | Non-Fiction |